| 000 | 00874nam a2200265 i 4500 | ||
|---|---|---|---|
| 001 | bg | ||
| 003 | BPK | ||
| 005 | 20200331135028.0 | ||
| 008 | 051103s1974 pl a f |000 0 pol | ||
| 015 | _aPB 1974/3085 | ||
| 040 |
_aWA N _cBPK |
||
| 041 | 0 | _apol | |
| 080 | _a621.97 | ||
| 100 | 1 |
_aGolatowski, Tadeusz _d(?-1999). _eAutor |
|
| 245 | 1 | 0 |
_aTłoczenie wielotaktowe / _cTadeusz Golatowski. |
| 260 |
_aWarszawa : _bWydawnictwa Naukowo-Techniczne, _c1974. |
||
| 300 |
_a285, [3] s., [1] k. tabl. : _bil., tab., wykr. ; _c25 cm. |
||
| 490 | 1 | _aBiblioteka Technologa. | |
| 504 | _aBibliogr. | ||
| 650 | 4 | _aTłocznictwo | |
| 710 | 2 |
_aWydawnictwa Naukowo-Techniczne _4pbl. |
|
| 856 |
_uhttp://koha.tu.koszalin.pl/cgi-bin/koha/opac-detail.pl?biblionumber=26023 _yKatalog online BPK |
||
| 830 | 0 | _aBiblioteka Technologa | |
| 942 |
_2UKD _cKS |
||
| 999 |
_c26023 _d26023 |
||